000 00447pab a2200157 454500
008 180718b2003 xxu||||| |||| 00| 0 eng d
100 _aSinha-Kerkhoff, Kathinka
245 _a`Eternal call of the Ganga': reconnecting with people of Indian origin in Surinam
260 _c2003
300 _ap.4008-021.
362 _a20 Sep
650 _aPravasi Bharatiya
700 _aBal, Ellen
773 _aEconomic and Political Weekly
909 _a58390
999 _c58390
_d58390